| 000 | 00777nam a2200241Ia 4500 | ||
|---|---|---|---|
| 003 | OSt | ||
| 005 | 20221005110516.0 | ||
| 006 | a|||||r|||| 00| 0 | ||
| 007 | ta | ||
| 008 | 221004b |||||||| |||| 00| 0 hin d | ||
| 024 | _a30609 | ||
| 037 | _cTextual | ||
| 040 |
_aCRL _cCRL _bhin |
||
| 041 |
_2hin _ahin |
||
| 082 | _aV2:51'N5, 152N1 | ||
| 100 | _aचंद्र, बिपन | ||
| 245 | 0 | _aस्वतंत्रता संग्राम | |
| 246 | _aSvatantratā sangrāma | ||
| 260 |
_aनई दिल्ली _bनेशनल बुक ट्रस्ट इंडिया भारत _c1991 |
||
| 300 |
_a223पृ. _ccm. |
||
| 942 |
_hV2:51'N5, 152N1 _cTEXL _2cc |
||
| 999 |
_c1019043 _d1019043 |
||